00530nam a2200145Ia 4500008004100000020001800041050001500059240002200074245010600096260004100202300001300243500001500256650004100271700007200312120626s9999 xx 000 0 und d a950-679-119-8 aKHA670 D47 aDerecho sucesorio aDerecho sucesorio / Marcos Cordoba, ... [et.al] prólogo y supervisión de Carlos H. Vidal Taquini aBuenos Aires; Argentina: Universidad aV.381 p. aTOMO.- III a1.- DERECHO SUCESORIO -- (ARGENTINA) aI.- CORDOBA, MARCOS, coaut. II.- VIDAL TAQUINI, CARLOS H. prol.Ì